<?xml version="1.0" encoding="UTF-8"?>
<record
    xmlns:xsi="http://www.w3.org/2001/XMLSchema-instance"
    xsi:schemaLocation="http://www.loc.gov/MARC21/slim http://www.loc.gov/standards/marcxml/schema/MARC21slim.xsd"
    xmlns="http://www.loc.gov/MARC21/slim">

  <leader>00674nam a2200193   4500</leader>
  <controlfield tag="003">NTShA</controlfield>
  <controlfield tag="005">20221213000040.0</controlfield>
  <controlfield tag="008">221209b        |||||||| |||| 00| 0 ukr d</controlfield>
  <datafield tag="040" ind1=" " ind2=" ">
    <subfield code="c">NTShA</subfield>
  </datafield>
  <datafield tag="100" ind1="1" ind2="0">
    <subfield code="6">880-01</subfield>
    <subfield code="a">&#x417;&#x43B;&#x443;&#x43F;&#x43A;&#x43E;, &#x421;&#x442;&#x435;&#x43F;&#x430;&#x43D;</subfield>
  </datafield>
  <datafield tag="245" ind1="1" ind2="0">
    <subfield code="6">880-02</subfield>
    <subfield code="a">&#x41E;&#x441;&#x43D;&#x43E;&#x432;&#x438; &#x456;&#x441;&#x442;&#x43E;&#x440;&#x456;&#x457; &#x435;&#x43A;&#x43E;&#x43D;&#x43E;&#x43C;&#x456;&#x447;&#x43D;&#x43E;&#x457; &#x442;&#x435;&#x43E;&#x440;&#x456;&#x457;</subfield>
  </datafield>
  <datafield tag="260" ind1="3" ind2="0">
    <subfield code="a">&#x41B;&#x44C;&#x432;&#x456;&#x432;</subfield>
    <subfield code="b">&#x41B;&#x44C;&#x432;&#x456;&#x432;&#x441;&#x44C;&#x43A;&#x43E;&#x433;&#x43E; &#x41D;&#x430;&#x446;&#x456;&#x43E;&#x43D;&#x430;&#x43B;&#x44C;&#x43D;&#x438;&#x439; &#x443;&#x43D;&#x456;&#x432;&#x435;&#x440;&#x441;&#x438;&#x442;&#x435;&#x442; &#x456;&#x43C;&#x435;&#x43D;&#x456; &#x406;&#x432;&#x430;&#x43D;&#x430; &#x424;&#x440;&#x430;&#x43D;&#x43A;&#x430;</subfield>
    <subfield code="c">2001</subfield>
  </datafield>
  <datafield tag="300" ind1="0" ind2="0">
    <subfield code="a">628 pages</subfield>
    <subfield code="c">22 cm</subfield>
  </datafield>
  <datafield tag="546" ind1="0" ind2="0">
    <subfield code="a">Ukrainian</subfield>
  </datafield>
  <datafield tag="653" ind1="1" ind2="0">
    <subfield code="a">Economics - History</subfield>
  </datafield>
  <datafield tag="880" ind1="1" ind2="0">
    <subfield code="6">100-01/(B</subfield>
    <subfield code="a">Zlupko, Stepan</subfield>
  </datafield>
  <datafield tag="880" ind1="1" ind2="0">
    <subfield code="6">245-02/(B</subfield>
    <subfield code="a">Osnovy istorii ekonomichnoi teorii</subfield>
  </datafield>
  <datafield tag="942" ind1=" " ind2=" ">
    <subfield code="c">BK</subfield>
  </datafield>
  <datafield tag="952" ind1=" " ind2=" ">
    <subfield code="0">0</subfield>
    <subfield code="1">0</subfield>
    <subfield code="4">0</subfield>
    <subfield code="7">1</subfield>
    <subfield code="a">NTShA</subfield>
    <subfield code="b">NTShA</subfield>
    <subfield code="d">2022-12-13</subfield>
    <subfield code="l">0</subfield>
    <subfield code="o">19145</subfield>
    <subfield code="p">19145</subfield>
    <subfield code="r">2022-12-13 00:00:00</subfield>
    <subfield code="t">1</subfield>
    <subfield code="w">2022-12-13</subfield>
    <subfield code="y">BK</subfield>
  </datafield>
  <datafield tag="999" ind1=" " ind2=" ">
    <subfield code="c">19121</subfield>
    <subfield code="d">19121</subfield>
  </datafield>
</record>
